Technical analysis trading: (Record no. 162439)

MARC details
000 -LEADER
fixed length control field 00525nam a2200169 4500
005 - DATE AND TIME OF LATEST TRANSACTION
control field 20190313144135.0
010 ## - LCCN (DPL NO)
LC control number ENG-124879
020 ## - INTERNATIONAL STANDARD BOOK NUMBER
International Standard Book Number 9789380200651
Terms of availability 599.00
035 ## - SYSTEM CONTROL NUMBER
System control number EN-108411
037 ## - SOURCE OF ACQUISITION
Source of stock number/acquisition DBAD/PUB
082 ## - DEWEY DECIMAL CLASSIFICATION NUMBER
Classification number 332.645
245 ## - TITLE STATEMENT
Title Technical analysis trading:
Remainder of title making money with charts/
260 ## - PUBLICATION, DISTRIBUTION, ETC. (IMPRINT)
Place of publication, distribution, etc New Delhi
Name of publisher, distributor, etc TV 18 Broadcast Ltd,
Date of publication, distribution, etc 2017
270 ## - ADDRESS
Address 507, Prabhat Kiran , 17, Rajendra Place,
City New Delhi
Postal code 110008
300 ## - PHYSICAL DESCRIPTION
Extent 227p.
Dimensions 21cm(Hb)
Other physical details ill
942 ## - ADDED ENTRY ELEMENTS (KOHA)
Source of classification or shelving scheme Dewey Decimal Classification
Item type English Books
Classification part 332.645
Call number suffix TEC
Holdings
Withdrawn status Lost status Not for loan Collection code Home library Current library Date acquired Source of acquisition Cost, normal purchase price Full call number Barcode Copy number Cost, replacement price Koha item type
      Non-fiction Patel Nagar Patel Nagar 13/03/2019 DBAD/PUB 599.00 332.645 TEC EN-108411 1 599.00 English Books

© Delhi Public Library
Hit Counter
free hit counter